| 000 | 00780cam a22002533a 4500 | ||
|---|---|---|---|
| 001 | 7087 | ||
| 003 | PGUSA | ||
| 005 | 20140828083140.0 | ||
| 008 | 041201s2004||||xxu|||||s|||||000 1 eng d | ||
| 040 |
_aPGUSA _beng |
||
| 042 | _adc | ||
| 050 | 4 | _aPS | |
| 100 | 1 |
_aThompson, Daniel P. _q(Daniel Pierce), _d1795-1868 |
|
| 245 | 1 | 0 |
_aGaut Gurley; Or, the Trappers of Umbagog : _bA Tale of Border Life _h[electronic resource] / _cDaniel P. Thompson |
| 260 |
_bProject Gutenberg, _c2004 |
||
| 506 | _aPublic domain in the USA. | ||
| 516 | _aElectronic text | ||
| 653 | _aFrontier and pioneer life -- Fiction | ||
| 653 | _aMaine -- Fiction | ||
| 653 | _aTrappers -- Fiction | ||
| 830 | 0 |
_aProject Gutenberg _v7087 |
|
| 856 | 4 | 0 | _uhttp://www.gutenberg.org/ebooks/7087 |
| 942 | _cEB | ||
| 999 |
_c236407 _d236407 |
||